7 vezér nevei - Statistics

General Stats
  • This quiz has been taken 264 times
  • The average score is 7 of 7
Answer Stats
Válaszok % Correct
Kond
96%
Ond
96%
Tas
96%
Töhötöm
95%
Huba
94%
Álmos
90%
Előd
86%
No matching quizzes found
Score Distribution
Percent of People with Each Score
Percentile by Number Answered
Your Score History
You have not taken this quiz